Skin Rejuvenation/ (Record no. 97614)

MARC details
000 -LEADER
fixed length control field 00609nam a2200229 a 4500
008 - FIXED-LENGTH DATA ELEMENTS--GENERAL INFORMATION
fixed length control field
049 99 - LOCAL HOLDINGS (OCLC)
Holding library MAIN
090 ## - LOCALLY ASSIGNED LC-TYPE CALL NUMBER (OCLC); LOCAL CALL NUMBER (RLIN)
Classification number (OCLC) (R) ; Classification number, CALL (RLIN) (NR) RL248
Local cutter number (OCLC) ; Book number/undivided call number, CALL (RLIN) ODE
003 - CONTROL NUMBER IDENTIFIER
control field
005 - DATE AND TIME OF LATEST TRANSACTION
control field 20230120144459.0
040 ## - CATALOGING SOURCE
Transcribing agency NUST
100 1# - MAIN ENTRY--PERSONAL NAME
Personal name Odendaal .E.
245 10 - TITLE STATEMENT
Title Skin Rejuvenation/
Statement of responsibility, etc. E.Odendaal [and] H.C. Ross
260 ## - PUBLICATION, DISTRIBUTION, ETC.
Place of publication, distribution, etc. City Print :
Name of publisher, distributor, etc. E Odendaal and Dr Hc Roos,
Date of publication, distribution, etc. 1995
300 ## - PHYSICAL DESCRIPTION
Extent 106 p. :
Dimensions 22 cm.
500 ## - GENERAL NOTE
General note Includes index
650 #1 - SUBJECT ADDED ENTRY--TOPICAL TERM
Topical term or geographic name entry element Skin
General subdivision rejuvenation
650 #1 - SUBJECT ADDED ENTRY--TOPICAL TERM
Topical term or geographic name entry element Sunburn.
700 ## - ADDED ENTRY--PERSONAL NAME
Personal name Ross,H,.C.
907 ## - LOCAL DATA ELEMENT G, LDG (RLIN)
a .b10395192
b 23-11-18
c 16-11-18
942 ## - ADDED ENTRY ELEMENTS (KOHA)
Koha item type Ordinary Loan Books
Call number prefix RL248
Call number suffix ODE
Holdings
Date last seen Total Checkouts Full call number Barcode Cost, replacement price Price effective from Koha item type Lost status Source of classification or shelving scheme Damaged status Not for loan Collection Withdrawn status Home library Current library Shelving location Date acquired Cost, normal purchase price
01/20/2023   RL248 ODE 92004045511 80.00 01/20/2023 BOOKS   LCC     NFIC   MAIN MAIN GEN 01/20/2023 80.00